MLB Top 100 All-Time: RBIs - Statistics

General Stats
  • This quiz has been taken 4,490 times
    46 since last reset
  • The average score is 74 of 100
Answer Stats
# Hitter RBIs % Correct
2 Albert Pujols 2,218
100%
3 Babe Ruth 2,214
100%
6 Barry Bonds 1,996
100%
1 Hank Aaron 2,297
100%
56 Mickey Mantle 1,509
100%
4 Alex Rodriguez 2,086
97%
7 Lou Gehrig 1,995
97%
9 Ty Cobb 1,944
97%
91 Brooks Robinson 1,357
93%
22 Frank Robinson 1,812
93%
17 Ken Griffey Jr. 1,836
93%
13 Miguel Cabrera 1,881
93%
8 Stan Musial 1,951
93%
59 Billy Williams 1,475
90%
38 George Brett 1,596
90%
98 Iván Rodríguez 1,332
90%
85 Johnny Bench 1,376
90%
16 Ted Williams 1,839
90%
12 Willie Mays 1,909
90%
15 Carl Yastrzemski 1,844
87%
35 Chipper Jones 1,623
87%
T42 Harmon Killebrew 1,584
87%
50 Joe DiMaggio 1,537
87%
39 Mike Schmidt 1,595
87%
27 Reggie Jackson 1,702
87%
46 Willie McCovey 1,555
87%
73 Aramis Ramírez 1,417
83%
33 Ernie Banks 1,636
83%
24 Honus Wagner 1,732
83%
10 Jimmie Foxx 1,922
83%
20 Manny Ramírez 1,831
83%
44 Al Kaline 1,582
80%
23 David Ortiz 1,768
80%
11 Eddie Murray 1,917
80%
26 Frank Thomas 1,704
80%
63 Jim Rice 1,451
80%
28 Jim Thome 1,699
80%
67 Luis Gonzalez 1,439
80%
74 Mark McGwire 1,414
80%
14 Mel Ott 1,860
80%
T87 Orlando Cepeda 1,365
80%
T42 Rogers Hornsby 1,584
80%
49 Willie Stargell 1,540
80%
68 Yogi Berra 1,430
80%
100 Carlton Fisk 1,330
77%
58 Dave Parker 1,493
77%
62 Eddie Mathews 1,453
77%
52 Jeff Bagwell 1,529
77%
79 Juan González 1,404
77%
96 Mike Piazza 1,335
77%
31 Sammy Sosa 1,667
77%
32 Tony Pérez 1,652
77%
29 Cal Ripken Jr. 1,695
73%
5 Cap Anson 2,075
73%
19 Dave Winfield 1,833
73%
30 Gary Sheffield 1,676
73%
64 Joe Carter 1,445
73%
76 José Canseco 1,407
73%
99 Ron Santo 1,331
73%
T77 Todd Helton 1,406
73%
51 Tris Speaker 1,531
73%
25 Adrián Beltré 1,707
70%
41 Carlos Beltrán 1,587
70%
47 Fred McGriff 1,550
70%
T77 Robin Yount 1,406
70%
21 Al Simmons 1,828
67%
40 Andre Dawson 1,591
67%
97 Duke Snider 1,333
67%
34 Harold Baines 1,628
67%
54 Jeff Kent 1,518
67%
37 Nap Lajoie 1,599
67%
18 Rafael Palmeiro 1,835
67%
81 Ted Simmons 1,389
67%
86 Chili Davis 1,372
63%
92 Darrell Evans 1,354
63%
82 Dwight Evans 1,384
63%
T87 Garret Anderson 1,365
63%
66 George Davis 1,440
63%
65 Jason Giambi 1,441
63%
53 Sam Crawford 1,523
63%
57 Vladimir Guerrero 1,496
63%
70 Andrés Galarraga 1,425
57%
55 Carlos Delgado 1,512
57%
69 Charlie Gehringer 1,427
57%
95 Freddie Freeman 1,336
57%
80 Torii Hunter 1,391
57%
T89 Bobby Abreu 1,363
53%
36 Goose Goslin 1,612
53%
48 Harry Heilmann 1,543
53%
75 Paul Konerko 1,412
53%
83 Joe Medwick 1,383
50%
94 Johnny Mize 1,337
50%
T60 Rusty Staub 1,466
50%
T89 Carlos Lee 1,363
47%
93 Gary Gaetti 1,341
47%
T60 Ed Delahanty 1,466
40%
45 Jake Beckley 1,581
40%
71 Joe Cronin 1,424
40%
72 Jim Bottomley 1,422
33%
84 Lave Cross 1,378
30%
No matching quizzes found
Score Distribution
Percent of People with Each Score
Percentile by Number Answered
Your Score History
You have not taken this quiz since the last reset